书目信息 |
| 题名: |
新型集成电路应用300例
|
|
| 作者: | 何希才 编著 | |
| 分册: | ||
| 出版信息: | 北京 中国电力出版社 2009.04 |
|
| 页数: | 221页 | |
| 开本: | 26cm | |
| 丛书名: | ||
| 单 册: | ||
| 中图分类: | TN409 | |
| 科图分类: | ||
| 主题词: | 集成电路--ji cheng dian lu--应用 | |
| 电子资源: | ||
| ISBN: | 978-7-5083-8072-8 | |
| 000 | 00808nam0 2200241 450 | |
| 001 | 012009817734 | |
| 005 | 20091015153119.89 | |
| 010 | @a978-7-5083-8072-8@dCNY26.00 | |
| 100 | @a20091015d2009 em y0chiy0120 ea | |
| 101 | 0 | @achi |
| 102 | @aCN@b110000 | |
| 105 | @aak a 000yy | |
| 106 | @ar | |
| 200 | 1 | @a新型集成电路应用300例@Axin xing ji cheng dian lu ying yong 300 li@f何希才编著@Fhe xi cai bian zhu |
| 210 | @a北京@c中国电力出版社@d2009.04 | |
| 215 | @a221页@c图@d26cm | |
| 320 | @a有书目 (第221页) | |
| 330 | @a本书介绍了十大功能电路,即控制功能、测量功能、驱动功能、轮换功能、传感功能、定时功能、信号发生功能等。 | |
| 606 | 0 | @a集成电路@Aji cheng dian lu@x应用 |
| 690 | @aTN409@v4 | |
| 701 | 0 | @a何希才@Ahe xi cai@4编著 |
| 801 | 0 | @aCN@bQSSK@c20091015 |
| 905 | @b762319-21@dTN409@eH210@f3 | |
| 新型集成电路应用300例/何希才编著.-北京:中国电力出版社,2009.04 |
| 221页:图;26cm |
| ISBN 978-7-5083-8072-8:CNY26.00 |
| 本书介绍了十大功能电路,即控制功能、测量功能、驱动功能、轮换功能、传感功能、定时功能、信号发生功能等。 |
| ● |
| 相关链接 |
|
|
|
正题名:新型集成电路应用300例
索取号:TN409/H210
 
预约/预借
| 序号 | 登录号 | 条形码 | 馆藏地/架位号 | 状态 | 备注 |
| 1 | 762319 | 207623197 | 自科库301/301自科库 26排4列4层/ [索取号:TN409/H210] | 在馆 | |
| 2 | 762320 | 207623204 | 期刊室512/301自科库 20排1列3层/ [索取号:TN409/H210] | 在馆 | |
| 3 | 762321 | 207623213 | 期刊室512/301自科库 20排1列3层/ [索取号:TN409/H210] | 在馆 |